Central Library OPAC University of Rajshahi

The principles of chemical equilibrium : (Record no. 9656)

MARC details
000 -LEADER
fixed length control field 01145pam a2200313 i 4500
001 - CONTROL NUMBER
control field 9656
003 - CONTROL NUMBER IDENTIFIER
rucl marc code BD-RjUL
005 - DATE AND TIME OF LATEST TRANSACTION
control field 20211208234820.0
008 - FIXED-LENGTH DATA ELEMENTS--GENERAL INFORMATION
fixed length control field 140121r19871981enka 001 0 eng
020 ## - INTERNATIONAL STANDARD BOOK NUMBER
International Standard Book Number 0521236827
International Standard Book Number 0521281504 (pbk.)
035 ## - SYSTEM CONTROL NUMBER
System control number (BD-RjUL)9701
040 ## - CATALOGING SOURCE
Original cataloging agency DLC
Transcribing agency DLC
Modifying agency BD-RjUL
Language of cataloging eng
041 ## - LANGUAGE CODE
Language code of text/sound track or separate title eng
082 00 - DEWEY DECIMAL CLASSIFICATION NUMBER
Classification number 541.392
Edition number 19
Author mark and year DEP 1987
100 1# - MAIN ENTRY--PERSONAL NAME
Personal name Denbigh, Kenneth George.
9 (RLIN) 29887
245 14 - TITLE STATEMENT
Title The principles of chemical equilibrium :
Remainder of title with applications in chemistry and chemical engineering /
Statement of responsibility, etc. by Kenneth Denbigh.
250 ## - EDITION STATEMENT
Edition statement 4th ed.
260 ## - PUBLICATION, DISTRIBUTION, ETC. (IMPRINT)
Place of publication, distribution, etc. Cambridge [Eng.] ;
-- New York :
Name of publisher, distributor, etc. Cambridge University Press,
Date of publication, distribution, etc. c1981 [Reprinted 1987].
300 ## - PHYSICAL DESCRIPTION
Pagination xxi, 494 p. :
Illustrations ill. ;
Size 23 cm.
500 ## - GENERAL NOTE
General note Includes index.
650 #0 - SUBJECT ADDED ENTRY--TOPICAL TERM
Topical term or geographic name as entry element Chemical equilibrium.
9 (RLIN) 28296
856 41 - ELECTRONIC LOCATION AND ACCESS
Materials specified Sample text
Uniform Resource Identifier <a href="http://www.loc.gov/catdir/samples/cam031/80040925.html">http://www.loc.gov/catdir/samples/cam031/80040925.html</a>
Materials specified Publisher description
Uniform Resource Identifier <a href="http://www.loc.gov/catdir/description/cam022/80040925.html">http://www.loc.gov/catdir/description/cam022/80040925.html</a>
Materials specified Table of contents
Uniform Resource Identifier <a href="http://www.loc.gov/catdir/toc/cam028/80040925.html">http://www.loc.gov/catdir/toc/cam028/80040925.html</a>
942 ## - ADDED ENTRY ELEMENTS (KOHA)
Source of classification or shelving scheme Dewey Decimal Classification
Koha item type Books
Holdings
Lost status Source of classification or shelving scheme Damaged status Not for loan Collection code Permanent Location Current Location Shelving location Date acquired Total Checkouts Full call number Date last seen Copy number Koha item type
  Dewey Decimal Classification   Not For Loan Non-fiction Central Library, University of Rajshahi Central Library, University of Rajshahi Reading Room 05/07/1988   541.392 DEP 1987 21/01/2014 C-1 Books